000 00258nam a2200109Ia 4500
008 230917s9999||||xx |||||||||||||| ||und||
040 _e240331
_aMAIN
041 _aEnglish
100 _aGenda Singh
245 0 _aKuliar bhai Nand Lal(Urdu book)
942 _cBK
999 _c226235
_d226235